Random Science #1 - Statistics

General Stats
  • This quiz has been taken 869 times
  • The average score is 9 of 15
Answer Stats
Question Answer % Correct
What animal is a Black Widow? Spider
92%
What does the M stand for in e=mc2? Mass
80%
What was Thomas Edison said to have invented? Light bulb
69%
Name the controlling part of any cell Nucleus
69%
Charles Darwin's theory Evolution
68%
The eighth planet from the sun Neptune
65%
The most famous space agency NASA
61%
Where does 90% of digestion take place Small intestine
60%
What is the symbol for tin? Sn
51%
Name a bone in the arm Radius
49%
A whale with a long tusk Narwhal
47%
A chemical element named after a scientist Einsteinium
45%
What is the male part of a flower? Stamen
36%
What fluid aids digestion? Bile
29%
The life process of getting rid of waste Excretion
29%
No matching quizzes found
Score Distribution
Percent of People with Each Score
Percentile by Number Answered
Your Score History
You have not taken this quiz